A teleoperation system to control the humanoid robot using an RGB-D sensor; IOP Conference Series: Materials Science and Engineering; Vol. 124 : Mechanical Engineering, Automation and Control Systems (MEACS2015)

Bibliografski detalji
Parent link:IOP Conference Series: Materials Science and Engineering
Vol. 124 : Mechanical Engineering, Automation and Control Systems (MEACS2015).— 2016.— [012027, 5 p.]
Glavni autor: Shelomentcev E. E. Egor Evgenyevich
Autor kompanije: Национальный исследовательский Томский политехнический университет (ТПУ) Институт кибернетики (ИК) Кафедра интегрированных компьютерных систем управления (ИКСУ)
Daljnji autori: Alexandrova T. V. Tatyana Viktorovna
Sažetak:Title screen
This paper presents a concept design of the work algorithm for a teleoperation control system of a humanoid robot. The humanoid robot control system needs to stabilize the robot in a vertical position in order to prevent the robot from falling. The process of design of the control system includes the design of position filter to detect the unstable positions. The application of such a control system enables to control the humanoid robot using motion capture technology.
Jezik:engleski
Izdano: 2016
Serija:Integrated Computer Control Systems in Mechanical Engineering
Teme:
Online pristup:http://dx.doi.org/10.1088/1757-899X/124/1/012027
http://earchive.tpu.ru/handle/11683/33834
Format: MixedMaterials Elektronički Poglavlje knjige
KOHA link:https://koha.lib.tpu.ru/cgi-bin/koha/opac-detail.pl?biblionumber=648502

MARC

LEADER 00000nla2a2200000 4500
001 648502
005 20231101134524.0
035 |a (RuTPU)RU\TPU\network\13661 
035 |a RU\TPU\network\13652 
090 |a 648502 
100 |a 20160523a2016 k y0engy50 ba 
101 0 |a eng 
102 |a GB 
105 |a y z 100zy 
135 |a drgn ---uucaa 
181 0 |a i  
182 0 |a b 
200 1 |a A teleoperation system to control the humanoid robot using an RGB-D sensor  |f E. E. Shelomentcev, T. V. Alexandrova 
203 |a Text  |c electronic 
225 1 |a Integrated Computer Control Systems in Mechanical Engineering 
300 |a Title screen 
320 |a [References: 8 tit.] 
330 |a This paper presents a concept design of the work algorithm for a teleoperation control system of a humanoid robot. The humanoid robot control system needs to stabilize the robot in a vertical position in order to prevent the robot from falling. The process of design of the control system includes the design of position filter to detect the unstable positions. The application of such a control system enables to control the humanoid robot using motion capture technology. 
461 0 |0 (RuTPU)RU\TPU\network\2008  |t IOP Conference Series: Materials Science and Engineering 
463 0 |0 (RuTPU)RU\TPU\network\13617  |t Vol. 124 : Mechanical Engineering, Automation and Control Systems (MEACS2015)  |o International Conference, 1–4 December 2015, Tomsk, Russia  |o [proceedings]  |v [012027, 5 p.]  |d 2016 
610 1 |a электронный ресурс 
610 1 |a труды учёных ТПУ 
610 1 |a роботы 
610 1 |a датчики 
610 1 |a дизайн 
610 1 |a системы управления 
610 1 |a неустойчивость 
610 1 |a захваты 
610 1 |a движения 
610 1 |a RGB 
700 1 |a Shelomentcev  |b E. E.  |c specialist in the field of informatics and computer technology  |c Assistant of the Department of Tomsk Polytechnic University  |f 1993-  |g Egor Evgenyevich  |2 stltpush  |3 (RuTPU)RU\TPU\pers\32931 
701 1 |a Alexandrova  |b T. V.  |c specialist in the field of automatic control  |c Assistant of Tomsk Polytechnic University  |f 1976-  |g Tatyana Viktorovna  |2 stltpush  |3 (RuTPU)RU\TPU\pers\31383 
712 0 2 |a Национальный исследовательский Томский политехнический университет (ТПУ)  |b Институт кибернетики (ИК)  |b Кафедра интегрированных компьютерных систем управления (ИКСУ)  |h 131  |2 stltpush  |3 (RuTPU)RU\TPU\col\18701 
801 2 |a RU  |b 63413507  |c 20161125  |g RCR 
856 4 |u http://dx.doi.org/10.1088/1757-899X/124/1/012027 
856 4 |u http://earchive.tpu.ru/handle/11683/33834 
942 |c CF